000 00349 a2200157 4500
001 150651
040 _cEscola São Tomás de Aquino
100 _aQUEIRÓS, Bartolomeu Campos de
240 1 0 _aMenino de Belém
_lpor
245 1 0 _aMenino de Belém
300 _a32
362 0 _a2002
440 1 _aModerna
697 _aRELIGIÃO
942 _cBK
999 _c150651
_d150651